| 000 | 00513nam a2200193 a 4500 | ||
|---|---|---|---|
| 001 | 1930 | ||
| 003 | CDMR | ||
| 005 | 20131127174945.0 | ||
| 008 | 130130s1969||||||||||||||||||||||||||||d | ||
| 040 |
_aCDMR _bcat _cCDMR |
||
| 100 | 1 |
_aFulchignoni, Enrico _91440 |
|
| 245 | 1 | 3 |
_aLa civilisation de l'image _cEnrico Fulchignoni |
| 260 |
_aParis _c1969 _bPayot |
||
| 300 | _a303 p. | ||
| 490 | 0 | _aBibliothèque Scientifique | |
| 650 | 0 | 4 |
_93737 _aComunicació visual |
| 650 | 0 | 4 |
_93478 _aCultura de massa |
| 942 |
_cMON _2udc |
||
| 999 |
_c1930 _d1930 |
||